000
00311nam a2200133Ia 4500
005
20260328101510.0
008
260328s9999||||xx |||||||||||||| ||und||
100
_a
Cresti, Carlo
245
0
_a
Le Corbusier /
_c
Carlo Cresti
260
_b
Ediciones Nauta
300
_a
95 p.
650
_a
ARQUITECTOS
942
_c
BK
999
_c
9162
_d
9162